zpět

Detail výsledku týmu

Restaurace Chachar, Karviná

Datum a čas kvízu

17 Celkem bodů Celkový počet nahraných bodů na tomto kvízu bez doplňovacích otázek.
8. Pořadí na kvízu Konečné umístění týmu na tomto kvízu.

Zaznamenané odpovědi

# Otázka Odpověď Body Výsledky
1. Který český politik zveřejnil... Vít Rakušan 0
2. Švédské království ve čtvrtek... 32. členem 0
3. Frontman jedné úspěšné britské... Dakota Johnson, Chris Martin 0
4. Od středy minulého týdne je za... HHC 1
5. Tři mužstva vyhrála v předkole... Litvínov, České Budějovice, Hradec Králové 0
6. Začneme prvním českým králem p... Přemysl Otakar II., 1278 0
7. Další „slavnou“ prohrou, která... stoletá válka 0
8. V bitvě u Lipan, kterou řadí m... Prokop 0
9. Bitva na Bílé hoře zpečetila o... listopad 1620 0
10. Napište jména dvou mužů, kteří... Neville Chamberlain, Édouard Daladier 0